000 00327 a2200109 4500
001 ART_46501
005 20260410161822.0
008 260409a
245 1 0 _aEfectos penales del posblanqueo
100 1 _aBello, Alberto M.
773 0 _tDoctrina Penal Tributaria y Económica
_g- N° 48 (jun. 2018)
_wREV4317
999 _c22415
_d22415